• 首页
  • 本馆介绍
  • 公告通知
  • 最新文献
  • 馆藏检索
  • 电子资源
  • 读者导购
  • 参考咨询
  • 我的图书馆
  • 登录
  • 详细信息显示
  • 放入我的书架
  • 预约/预借图书
  • 作者相关作品
  • 分类相关作品
  • 丛书相关作品
  • 出版社相关作品

书目信息

  • 表格格式
  • 工作单格式
  • 卡片格式
题名:
札移
    
 
作者: 孙治让 著 ;梁运华 点校
分册:  
出版信息: 北京   中华书局  1989.1
页数: 428页
开本: 21cm
丛书名:
单 册:
中图分类: G256.3
科图分类:
主题词: 图书馆学 , 图书馆事业
电子资源:
ISBN: 7-101-00374-5
000 00595nam0 2200217 45
001 0404241521
005 20040424151550.6
010    @a7-101-00374-5@dCNY5.70
100    @a20040424d1989 km y0chiy0120 ea
101 0  @achi
105    @a z 000yy
200 1  @a札移@AZha Yi@f(清)孙治让著@F(Qing)Sun Zhi Rang Zhu@g梁运华点校
210    @a北京@d1989.1@c中华书局
215    @a428页@d21cm
606 0  @a图书馆学
606 0  @a图书馆事业
690    @aG256.3@v3
701  0 @a孙治让@4著
702  0 @a梁运华@ALiang Yun Hua@4点校
801    @aCN@bPftUser@c20040424
905    @f2@b220710-711@dG256.3@e34
    
    札移/(清)孙治让著/梁运华点校.-北京,1989.1:中华书局
    428页;21cm
    
    
    ISBN 7-101-00374-5:CNY5.70
    
●
相关链接 在E读中查询图书 在五车中查询图书 在当当中查询图书 在豆瓣中查询图书


正题名:札移     索取号:G256.3/34         预约/预借

序号 登录号 条形码 馆藏地/架位号 状态 备注
1 0220710   000214057   密集书库/ [索取号:G256.3/34] 在馆    
2 0220711   000214011   密集书库/ [索取号:G256.3/34] 在馆    
3 0220712   000213977   第一样本阅览室/ [索取号:G256.3/34] 在馆    
唐山师范学院图书馆 欢迎您!
大连网信软件有限公司© 版权所有